[Event "HUN-chT2 Breyer 2324"]
[Site "Hungary"]
[Date "2023.10.29"]
[Round "2.12"]
[White "Kaplonyi, Andor Adam"]
[Black "Toth, Kincso"]
[Result "0-1"]
[WhiteElo "1046"]
[BlackElo "1723"]
[PlyCount "78"]
[EventDate "2023.10.08"]
[EventType "team-tourn"]
[EventRounds "9"]
[EventCountry "HUN"]
[SourceTitle "EXT 2025"]
[Source "ChessBase"]
[SourceDate "2024.10.14"]
[SourceVersion "1"]
[SourceVersionDate "2024.10.14"]
[SourceQuality "1"]
[WhiteTeam "Torokbalint"]
[BlackTeam "Naszaly Geniusz Tata"]
[WhiteTeamCountry "HUN"]
[BlackTeamCountry "HUN"]

1. e4 c5 2. Nf3 Nc6 3. d4 cxd4 4. Nxd4 g6 5. Nxc6 bxc6 6. Bc4 Bg7 7. 0-0 Nf6 8. Re1 0-0 9. e5 Ne8 10. b3 d5 11. Bd3 Nc7 12. Bb2 Ne6 13. Nd2 Bb7 14. Nf3 Qb6 15. Qd2 Rfd8 16. Rad1 a5 17. Qe3 c5 18. c4 d4 19. Qe2 Nf4 20. Qc2 Nxd3 21. Qxd3 a4 22. Ng5 h6 23. Nf3 axb3 24. axb3 Ra2 25. Re2 Bc8 26. Ra1 Bf5 27. Qd2 Rxa1+ 28. Bxa1 Qxb3 29. Nh4 Be6 30. Qc2 Bxc4 31. Qxb3 Bxb3 32. Rb2 c4 33. Nf3 d3 34. Rd2 h5 35. Ng5 Ra8 36. Bc3 Bh6 37. f4 e6 38. Nf3 Bxf4 39. Rf2 Be3 0-1